000 00709nam a22002057a 4500
999 _c175490
_d175490
005 20200907143539.0
010 _aENG-128383
020 _c579.00
_a9789353949471
035 _aEN-111915
037 _bDBAD/PUB
082 _a005.1
100 _aSommerville,Ian
245 _aEngineering Software Products: An Introduction to Modern Software Engineering/
_cby Ian Sommerville
250 _a1st edition
260 _aNoida
_bPearson
_c2020
270 _a15th floor,Tower-B,Word Trade Tower,Plot no.1,Block-C sec 16,
_bNoida
_e201301
_k04466540100
_mcompanysecretary.india@pearson.com
300 _ax;342p.
_c23.5cm(pbk)
500 _aSoftware Emgineering
942 _2ddc
_cEN
_h005.1
_mGAN